|
|
|
|
| LEADER |
00738nam a2200205Ia 4500 |
| 001 |
CTU_181121 |
| 008 |
210402s9999 xx 000 0 und d |
| 020 |
|
|
|c 42500
|
| 082 |
|
|
|a 895.9223
|
| 082 |
|
|
|b Tr513
|
| 100 |
|
|
|a Nguyễn, Quốc Trung
|
| 245 |
|
0 |
|a Người trong cõi người ngưòi cha ở trên trời
|
| 245 |
|
0 |
|c Nguyễn Quốc Trung, Nguyễn Tham Thiện Kế
|
| 260 |
|
|
|a Hà Nội
|
| 260 |
|
|
|b Hội nhà văn
|
| 260 |
|
|
|c 2006
|
| 650 |
|
|
|a Vietnamese litterature,Vietnamese Fiction,Văn học Việt Nam,Tiểu thuyết Việt Nam
|
| 650 |
|
|
|y 20 th century,Thế kỷ 20
|
| 904 |
|
|
|i Phượng
|
| 980 |
|
|
|a Trung tâm Học liệu Trường Đại học Cần Thơ
|